000
00268nam a2200121Ia 4500
008
190216s9999||||xx |||||||||||||| ||und||
100
_a
Pradeep Kumar
245
0
_a
Principles Of Managment
260
_b
Null
_c
1979
300
_a
308p
650
_a
Commerce
942
_c
BK
999
_c
4262
_d
4262